Dans la peau d'un acteur (notice n° 1569810)

détails MARC
000 -LEADER
fixed length control field 01307cam a2200133 4500500
005 - DATE AND TIME OF LATEST TRANSACTION
control field 20251214012651.0
041 ## - LANGUAGE CODE
Language code of text/sound track or separate title fre
042 ## - AUTHENTICATION CODE
Authentication code dc
100 10 - MAIN ENTRY--PERSONAL NAME
Personal name Roques, Sylvie
Relator term author
245 00 - TITLE STATEMENT
Title Dans la peau d'un acteur
260 ## - PUBLICATION, DISTRIBUTION, ETC.
Name of publisher, distributor, etc. Armand Colin,<br/>
Date of publication, distribution, etc. 2015.<br/>
520 ## - SUMMARY, ETC.
Summary, etc. Lumineux, captivant, objet de fantasmes devant attirer tous les regards, l’acteur fascine par son talent si particulier, celui de devenir « autre », de se mettre « dans la peau » d’un personnage, de l’« incarner », dans un incessant et troublant jeu de miroirs. Maquillage, costumes, postiches, masques… le corps de l’acteur, plus que celui de tout autre artiste, devient un élément essentiel de son art. Quel rapport l’acteur entretient-il alors à son enveloppe corporelle ? En prend-il soin ? Quelle valeur accorde-t-il à l’image, à la beauté ? Comment appréhende-t-il la vieillesse ? Pour la première fois, une enquête invite à se mettre « dans la peau » d’un acteur, dans les deux sens du terme, en étudiant subtilement le dédoublement imposé par le jeu et en révélant comme jamais l’importance accordée au corps, dans son étonnante et paradoxale profondeur.
856 41 - ELECTRONIC LOCATION AND ACCESS
Uniform Resource Identifier <a href="https://shs.cairn.info/dans-la-peau-d-un-acteur--9782200294441?lang=fr&redirect-ssocas=7080">https://shs.cairn.info/dans-la-peau-d-un-acteur--9782200294441?lang=fr&redirect-ssocas=7080</a>

Pas d'exemplaire disponible.

PLUDOC

PLUDOC est la plateforme unique et centralisée de gestion des bibliothèques physiques et numériques de Guinée administré par le CEDUST. Elle est la plus grande base de données de ressources documentaires pour les Étudiants, Enseignants chercheurs et Chercheurs de Guinée.

Adresse

627 919 101/664 919 101

25 boulevard du commerce
Kaloum, Conakry, Guinée

Réseaux sociaux

Powered by Netsen Group @ 2025